|
|
|
|
| LEADER |
00000ny a22000003n 4500 |
| 005 |
20110616124916.0 |
| 008 |
020423s2002 sp 000 | spa |
| 017 |
|
|
|a D.L.B.6415-02
|
| 020 |
|
|
|a 9788495665027
|
| 035 |
|
|
|a 3239
|
| 040 |
|
|
|a SpMaUCDE
|d vLex
|
| 080 |
|
|
|a 316.323.65
|
| 090 |
|
|
|c 769
|d 769
|
| 245 |
0 |
3 |
|a El futuro del estado del bienestar
|h [Recurso electrn̤ico]
|b 4 lecciones sobre el blindaje jurd̕ico del estado del bienestar/
|c Eugeni Gay ... [et al.]
|
| 256 |
|
|
|a Servicio en ln̕ea
|
| 260 |
|
|
|a Barcelona:
|b Cedecs,
|c 2002
|
| 300 |
|
|
|a 116 p. ;
|c 20 cm
|
| 506 |
1 |
|
|a Contenido solo disponible en los productos indicados
|d vLex Global
|d vLex Global (Academic Edition, excluding Law Schools)
|d vLex Global (U.S. Academic Edition, Law Schools)
|d vLex Global (U.S. Academic Edition, excluding Law Schools)
|d vLex Global (Academic Edition, Law Schools)
|
| 650 |
0 |
7 |
|a Administrativo
|2 Tesauro vLex
|
| 650 |
0 |
7 |
|a Asuntos sociales
|2 Tesauro vLex
|
| 650 |
0 |
7 |
|a Derecho administrativo social
|2 Tesauro vLex
|
| 700 |
1 |
|
|a Gay, Eugenio
|
| 740 |
0 |
|
|a vLex Libros (Servicios en ln̕ea)
|
| 856 |
4 |
0 |
|u http://vlex.com/source/3239
|z Acceso restringido
|
| 942 |
|
|
|c BOOK
|
| 999 |
0 |
|
|a Administrative law
|b Barcelona
|